The meaning of the glorion koran (Record no. 276557)

000 -LEADER
fixed length control field 00227 a2200097 4500
001 - CONTROL NUMBER
control field 41484
090 ## - LOCALLY ASSIGNED LC-TYPE CALL NUMBER (OCLC); LOCAL CALL NUMBER (RLIN)
-- 25645
-- 25645
100 ## - MAIN ENTRY--PERSONAL NAME
Personal name Pick & hall, M
245 ## - TITLE STATEMENT
Title The meaning of the glorion koran
260 ## - PUBLICATION, DISTRIBUTION, ETC.
Place of publication, distribution, etc. Londan
Name of publisher, distributor, etc. Gearge allen
Date of publication, distribution, etc.
942 ## - ADDED ENTRY ELEMENTS (KOHA)
Institution code [OBSOLETE] NUST-CAE
Koha item type
--
Holdings
Withdrawn status Lost status Damaged status Not for loan Collection code Permanent Location Current Location Date acquired Total Checkouts Barcode Date last seen Price effective from Koha item type
          College of Aeronautical Engineering (CAE) College of Aeronautical Engineering (CAE) 04/03/2017   CAE43506 04/05/2017 04/05/2017 Book
© 2023 Central Library, National University of Sciences and Technology. All Rights Reserved.